000 00907nas a2200229 4500
001 000037560
005 20250411105247.0
008 120426c19669999dr ur1p dd 0 0spa d
040 _aDO-SdBNP
_bspa
_cBNPHU
043 _anwdr
245 0 0 _aBohío Dominicano :
_bSanto Domingo guide.
260 _aSanto Domingo :
_bLuis Augusto Caminero, editor.,
_c1966.
_fOffset Montalvo
300 _av.- :
_bil. ;
_c21 cm.
310 _aEstaciones
362 1 _aNo.1 (1966 diciembre)
500 _aCatalogación basada en :no.1 (1966, dic.)
500 _aTítulo posterior: Bohío internacional.
546 _aTexto en inglés y español.
650 4 _aTurismo
_zRepública Dominicana
_vPUBLICACIONES PERIÓDICAS
_934354
650 0 _aPromoción de turismo
_vPublicaciones periódicas
_zRepública Dominicana
_964013
785 0 0 _aBohío internacional
_bEdiciones Cabrer
_dSanto Domingo, Rita Cabrer Botello, ed. 2006.
999 _c37050
_d37050